[Event "Kings vs Queens Rapid"]
[Site "Saint Louis USA"]
[Date "2011.09.10"]
[Round "1"]
[White "Krush, Irina"]
[Black "Stopa, Jacek"]
[Result "0-1"]
[WhiteElo "2472"]
[BlackElo "2482"]
[PlyCount "107"]
[EventDate "2011.09.10"]
[WhiteTeam "Queens"]
[BlackTeam "Kings"]

1. c4 f5 2. d4 Nf6 3. Nc3 g6 4. Bg5 Bg7 5. e3 d6 6. Bd3 Nc6 7. f3 h6 8. Bh4 e5
9. Nge2 g5 10. Bf2 Qe7 11. d5 Nd8 12. Qc2 e4 13. fxe4 Ng4 14. exf5 Nxe3 15.
Bxe3 Qxe3 16. Rf1 O-O 17. Rf3 Qe5 18. h3 Bd7 19. O-O-O a6 20. g4 b5 21. Ng3 Be8
22. Qd2 bxc4 23. Bxc4 Rb8 24. Re3 Qf4 25. Qe2 Rb4 26. Nge4 Rxc4 27. Rf1 Rxc3+
28. Nxc3 Qb4 29. Rxe8 Bxc3 30. Rxf8+ Kxf8 31. bxc3 Qxc3+ 32. Kb1 Nf7 33. Rc1
Qxh3 34. Rxc7 Qh1+ 35. Kb2 Qxd5 36. Qe6 Qd2+ 37. Rc2 Qb4+ 38. Qb3 Qxg4 39. f6
Qd4+ 40. Qc3 Qxc3+ 41. Kxc3 Ne5 42. Kd4 Kf7 43. Rc7+ Kxf6 44. Ke4 h5 45. Ra7 h4
46. Rxa6 Ke6 47. Ra8 h3 48. Rh8 g4 49. a4 d5+ 50. Ke3 Kd6 51. Rh5 d4+ 52. Kxd4
h2 53. Ke3 g3 54. a5 0-1

[Event "Kings vs Queens Rapid"]
[Site "Saint Louis USA"]
[Date "2011.09.10"]
[Round "1"]
[White "Cao, Kevin Y"]
[Black "Lahno, Kateryna"]
[Result "0-1"]
[WhiteElo "2120"]
[BlackElo "2554"]
[PlyCount "102"]
[EventDate "2011.09.10"]
[WhiteTeam "Kings"]
[BlackTeam "Queens"]

1. e4 d6 2. d4 Nf6 3. Nc3 g6 4. Nf3 Bg7 5. h3 a6 6. Bd3 Nc6 7. Be3 e5 8. dxe5
dxe5 9. Bc5 b6 10. Ba3 b5 11. Bc5 Nd7 12. Be3 Nd4 13. a4 b4 14. Nd5 Nb6 15.
Bxd4 exd4 16. Nxb6 cxb6 17. Qd2 Qe7 18. O-O O-O 19. a5 b5 20. Rfe1 Bb7 21. Rad1
Qc5 22. Qg5 Qc7 23. Ra1 Rfe8 24. Qh4 Re7 25. Ng5 h6 26. Nf3 Rae8 27. Nh2 h5 28.
Nf1 Bh6 29. Ng3 Qe5 30. Nf1 Qc5 31. f3 b3 32. cxb3 Qb4 33. Qf2 Qxb3 34. Qc2 Qb4
35. Kh1 Bf4 36. Re2 Rc8 37. Qd1 Rec7 38. Qe1 Qb3 39. Qd1 Qe6 40. Qe1 Rc1 41.
Rxc1 Rxc1 42. Qf2 Qb3 43. Bc2 Qxb2 44. g3 Bxg3 45. Qxg3 Rxc2 46. Rxc2 Qxc2 47.
Qb8+ Qc8 48. Qd6 Qxh3+ 49. Kg1 Qxf3 50. Qxd4 Qxe4 51. Qd8+ Kh7 0-1

[Event "Kings vs Queens Rapid"]
[Site "Saint Louis USA"]
[Date "2011.09.11"]
[Round "2"]
[White "Stopa, Jacek"]
[Black "Fierro Baquero, Martha L"]
[Result "1-0"]
[WhiteElo "2482"]
[BlackElo "2378"]
[PlyCount "79"]
[EventDate "2011.09.10"]
[WhiteTeam "Kings"]
[BlackTeam "Queens"]

1. e4 c5 2. d4 cxd4 3. c3 d3 4. Bxd3 g6 5. Nf3 Bg7 6. c4 Nc6 7. Nc3 Nf6 8. O-O
O-O 9. h3 d6 10. Be3 Qa5 11. Rc1 Be6 12. Re1 Nb4 13. b3 Rfc8 14. Bb1 Nd7 15.
Nd4 Nc6 16. Ncb5 Nxd4 17. Nxd4 Nc5 18. Nxe6 Nxe6 19. f4 a6 20. Qd5 Qxd5 21.
exd5 Nd4 22. Rcd1 Nf5 23. Bb6 Bf8 24. g4 Ng7 25. Bd3 Ne8 26. g5 Ng7 27. Kf2 a5
28. Kf3 a4 29. b4 Nf5 30. Bxf5 gxf5 31. Rc1 a3 32. c5 Ra4 33. cxd6 Rxc1 34.
Rxc1 exd6 35. Rc8 Rxb4 36. Bd8 Re4 37. Bf6 b5 38. h4 b4 39. h5 b3 40. h6 1-0

[Event "Kings vs Queens Rapid"]
[Site "Saint Louis USA"]
[Date "2011.09.12"]
[Round "3"]
[White "Zatonskih, Anna"]
[Black "Stopa, Jacek"]
[Result "0-1"]
[WhiteElo "2508"]
[BlackElo "2482"]
[PlyCount "97"]
[EventDate "2011.09.10"]
[WhiteTeam "Queens"]
[BlackTeam "Kings"]

1. e4 e6 2. d4 d5 3. e5 c5 4. c3 Qb6 5. Nf3 Bd7 6. a3 Bb5 7. dxc5 Bxc5 8. Bxb5+
Qxb5 9. b4 Bb6 10. a4 Qc4 11. Na3 Qe4+ 12. Kf1 a6 13. Ra2 Ne7 14. Re2 Qg6 15.
c4 O-O 16. h4 h6 17. h5 Qh7 18. c5 Ba7 19. a5 Nbc6 20. Nc2 d4 21. Nfxd4 Rad8
22. Rh4 Nf5 23. Rhe4 Nfxd4 24. Nxd4 Nxb4 25. Qb3 Nc6 26. Nxc6 bxc6 27. g4 Bxc5
28. Qc4 Rd5 29. Kg2 Ra8 30. Be3 Bxe3 31. R2xe3 Rxa5 32. Qxc6 Rf8 33. Qb6 Ra3
34. Kg3 Qxe4 35. Rxa3 Qxe5+ 36. Kh3 f5 37. g5 hxg5 38. Rxa6 g4+ 39. Kg2 Qd5+
40. Kg1 Re8 41. h6 gxh6 42. Qe3 Kg7 43. Ra7+ Kg6 44. Qc3 Qd1+ 45. Kh2 Re7 46.
Ra8 Qd6+ 47. Kg1 Rc7 48. Rg8+ Kh5 49. Qe3 0-1

[Event "Kings vs Queens Rapid"]
[Site "Saint Louis USA"]
[Date "2011.09.12"]
[Round "3"]
[White "Arnold, Marc T"]
[Black "Krush, Irina"]
[Result "1-0"]
[WhiteElo "2505"]
[BlackElo "2472"]
[PlyCount "98"]
[EventDate "2011.09.10"]
[WhiteTeam "Kings"]
[BlackTeam "Queens"]

1. d4 Nf6 2. Nf3 g6 3. Nc3 d5 4. Bf4 Bg7 5. e3 O-O 6. Be2 c5 7. Qd2 Ne4 8. Nxe4
dxe4 9. Ne5 Nc6 10. Nxc6 bxc6 11. c3 Qa5 12. b4 cxb4 13. cxb4 Qb6 14. Rb1 a5
15. b5 a4 16. O-O cxb5 17. Rxb5 Qe6 18. Rfb1 Ba6 19. Rb6 Qc8 20. Rc1 Bxe2 21.
Rxc8 Rfxc8 22. Qxe2 Rc1+ 23. Qf1 Rxf1+ 24. Kxf1 e6 25. Ke2 Bf8 26. Kd1 h6 27.
Rb8 Rxb8 28. Bxb8 Bb4 29. Ba7 f5 30. Bc5 Ba5 31. Kc2 Kf7 32. Kb2 Be1 33. f3 Bd2
34. fxe4 Bxe3 35. exf5 exf5 36. Ka3 f4 37. Kxa4 g5 38. Kb3 g4 39. Kc2 f3 40.
gxf3 gxf3 41. Kd3 f2 42. Ke2 Ke8 43. a4 Kd7 44. a5 Kc7 45. a6 h5 46. h3 Kc8 47.
Bd6 Bxd4 48. Bg3 Bc5 49. Bxf2 Be7 1-0

[Event "Kings vs Queens Rapid"]
[Site "Saint Louis USA"]
[Date "2011.09.12"]
[Round "3"]
[White "Fierro Baquero, Martha L"]
[Black "Cao, Kevin Y"]
[Result "1-0"]
[WhiteElo "2378"]
[BlackElo "2120"]
[PlyCount "67"]
[EventDate "2011.09.10"]
[WhiteTeam "Queens"]
[BlackTeam "Kings"]

1. e4 e5 2. Nf3 Nc6 3. Bb5 Bc5 4. O-O Nd4 5. Nxd4 Bxd4 6. c3 Bb6 7. d4 c6 8.
Ba4 d6 9. dxe5 dxe5 10. Qh5 Qf6 11. Bb3 Bc7 12. Na3 Qg6 13. Qxg6 hxg6 14. Be3
f5 15. Rad1 Bd7 16. Bf7+ Ke7 17. Bc5+ Kd8 18. Be6 Nf6 19. Rxd7+ Nxd7 20. Rd1
Kc8 21. Bxd7+ Kb8 22. exf5 gxf5 23. Bxf5 b6 24. Be7 a5 25. Nc4 Re8 26. Rd7 Ra7
27. g3 b5 28. Ne3 b4 29. Bc5 Rb7 30. Nc4 Rb5 31. Nd6 Bxd6 32. Bxd6+ Ka8 33. Be4
Rc8 34. Rxg7 1-0

[Event "Kings vs Queens Rapid"]
[Site "Saint Louis USA"]
[Date "2011.09.14"]
[Round "4"]
[White "Cao, Kevin Y"]
[Black "Zatonskih, Anna"]
[Result "1-0"]
[WhiteElo "2120"]
[BlackElo "2508"]
[PlyCount "102"]
[EventDate "2011.09.10"]
[WhiteTeam "Kings"]
[BlackTeam "Queens"]

1. e4 e6 2. d4 d5 3. Nd2 c5 4. Ngf3 cxd4 5. Nxd4 Nf6 6. exd5 Qxd5 7. Nb5 Na6 8.
Nc4 Qxd1+ 9. Kxd1 Bc5 10. Nbd6+ Ke7 11. Nxc8+ Raxc8 12. Be3 Ng4 13. Bxc5+ Rxc5
14. Ke1 Nb4 15. Rc1 b5 16. a3 Nxc2+ 17. Rxc2 bxc4 18. Be2 Ne5 19. f4 Ng6 20. g3
Rhc8 21. Kf2 Kf6 22. Rhc1 e5 23. b4 R5c7 24. Bg4 Rd8 25. Rxc4 Rxc4 26. Rxc4
exf4 27. gxf4 Rd6 28. Bf3 Ra6 29. Bg4 Ne7 30. Rd4 g6 31. Rd3 Rc6 32. b5 Rc4 33.
Kf3 Ra4 34. Bd7 Ra5 35. h4 h5 36. Rd6+ Kg7 37. Ra6 Rxa6 38. bxa6 Nf5 39. Bxf5
gxf5 40. Ke3 Kf6 41. Kd4 Ke6 42. Kc5 Kd7 43. Kd5 f6 44. a4 Ke7 45. Kc6 Ke6 46.
Kb7 Kd7 47. Kxa7 Kc7 48. a5 Kc8 49. Kb6 Kb8 50. Kc6 Ka7 51. Kd6 Kxa6 1-0

[Event "Kings vs Queens Rapid"]
[Site "Saint Louis USA"]
[Date "2011.09.14"]
[Round "4"]
[White "Fierro Baquero, Martha L"]
[Black "Arnold, Marc T"]
[Result "0-1"]
[WhiteElo "2378"]
[BlackElo "2505"]
[PlyCount "50"]
[EventDate "2011.09.10"]
[WhiteTeam "Queens"]
[BlackTeam "Kings"]

1. c4 Nf6 2. g3 e6 3. Nf3 d5 4. b3 c5 5. Bg2 Nc6 6. O-O Be7 7. Bb2 d4 8. e3 e5
9. exd4 exd4 10. d3 O-O 11. Na3 Bf5 12. Nc2 a5 13. Re1 Bd6 14. Qd2 h6 15. Rab1
Ng4 16. Nh4 Bh7 17. f4 g5 18. fxg5 Qxg5 19. Qe2 Nxh2 20. Bxc6 Bxg3 21. Be4 Bxe4
22. Qxe4 Bxe1+ 23. Kxh2 Qxh4+ 24. Qxh4 Bxh4 25. Rg1+ Kh7 0-1

[Event "Kings vs Queens Rapid"]
[Site "Saint Louis USA"]
[Date "2011.09.15"]
[Round "5"]
[White "Arnold, Marc T"]
[Black "Zatonskih, Anna"]
[Result "0-1"]
[WhiteElo "2505"]
[BlackElo "2508"]
[PlyCount "52"]
[EventDate "2011.09.10"]
[WhiteTeam "Kings"]
[BlackTeam "Queens"]

1. c4 e5 2. Nc3 d6 3. Nf3 f5 4. d4 e4 5. Nd2 Nf6 6. e3 c6 7. b4 g6 8. Be2 Bg7
9. Nb3 O-O 10. a4 Be6 11. O-O Nbd7 12. Bb2 Bf7 13. Qc2 Rc8 14. Rad1 Qe7 15. Qd2
d5 16. c5 g5 17. b5 Nb8 18. a5 a6 19. bxa6 bxa6 20. Na2 Bh6 21. Kh1 f4 22. Bc1
Bh5 23. Bxh5 Nxh5 24. f3 g4 25. exf4 Bxf4 26. Qe1 Bxh2 0-1

[Event "Kings vs Queens Rapid"]
[Site "Saint Louis USA"]
[Date "2011.09.15"]
[Round "5"]
[White "Lahno, Kateryna"]
[Black "Stopa, Jacek"]
[Result "1/2-1/2"]
[WhiteElo "2554"]
[BlackElo "2482"]
[PlyCount "68"]
[EventDate "2011.09.10"]
[WhiteTeam "Queens"]
[BlackTeam "Kings"]

1. e4 e6 2. d4 d5 3. Nc3 Nf6 4. Bg5 Bb4 5. e5 h6 6. Bc1 Ne4 7. Qg4 g5 8. Nge2
c5 9. a3 Ba5 10. b4 Nxc3 11. Nxc3 cxd4 12. Nb5 Bc7 13. f4 Nc6 14. Be2 Bb8 15.
Qh5 a6 16. Nd6+ Bxd6 17. exd6 d3 18. Bxd3 Qf6 19. O-O Qxa1 20. fxg5 Qd4+ 21.
Kh1 Ne5 22. gxh6 Bd7 23. Qg5 Nc6 24. Rxf7 Kxf7 25. Qg6+ Kf8 26. h7 Qa1 27. Qg5
Qg7 28. Qh5 Be8 29. Qh4 Qa1 30. Qh6+ Qg7 31. Qh4 Qa1 32. Qh6+ Qg7 33. Qh4 Qa1
34. Qh6+ Qg7 1/2-1/2